000 00524nam a22002177a 4500
003 UA-OsUOA
001 123886
007 ta
008 20170717b un ||||| |||| 00| 0 ukr d
100 _aСобко І.
090 _a908
_bС54
942 _cSA
040 _aUA-OsUOA
_bukr
_cUA-OsUOA
_dUA-OsUOA
245 _aБути художником - для мене Божа ласка
300 _aС.4
955 _a0
041 _aukr
080 _a908
773 0 _w123885
650 7 _a908 Краєзнавство
_2UDC
999 _c411062
_d411062